Transistor electronics / (Record no. 55774)

MARC details
000 -LEADER
campo de control de longitud fija 00523nam a2200169 i 4500
001 - NÚMERO DE CONTROL
campo de control 55774
003 - IDENTIFICADOR DE NÚMERO DE CONTROL
campo de control ES-MaACL
005 - FECHA Y HORA DE LA ÚLTIMA TRANSACCIÓN
campo de control 20230906163221.0
007 - CAMPO FIJO DE DESCRIPCIÓN FÍSICA--INFORMACIÓN GENERAL
campo de control de longitud fija t|
008 - DATOS DE LONGITUD FIJA--INFORMACIÓN GENERAL
campo de control de longitud fija 030926s1957 xxu ||||1| eng d
100 1# - ENTRADA PRINCIPAL--NOMBRE DE PERSONA
Nombre de persona Dewitt, David.
9 (RLIN) 44046
245 10 - MENCIÓN DEL TÍTULO
Título Transistor electronics /
Mención de responsabilidad, etc. David Dewitt, Arthur L. Rossoff.
260 ## - PUBLICACIÓN, DISTRIBUCIÓN, ETC.
Lugar de publicación, distribución, etc. New York :
Nombre del editor, distribuidor, etc. McGraw-Hill Book Co.,
Fecha de publicación, distribución, etc. 1957 (
Fabricante The Maple Press Company)
300 ## - DESCRIPCIÓN FÍSICA
Extensión XX, 381 p. :
Otras características físicas il. ;
Dimensiones 23 cm.
700 1# - ENTRADA AGREGADA--NOMBRE PERSONAL
Nombre de persona Rossoff, Arthur L.
9 (RLIN) 99908
852 ## - LOCALIZACIÓN
Ubicación ES-MaACL
Número de control de estantería C-15384
Sublocalización o colección R.43497
Holdings
Estatus retirado Estado de pérdida Estado de daño No para préstamo Biblioteca de origen Biblioteca actual Ubicación en estantería Fecha de adquisición Fuente de adquisición Total de préstamos Signatura topográfica completa Código de barras Visto por última vez Precio de reemplazo Tipo de ítem Koha
        Biblioteca del Ateneo de Madrid Biblioteca del Ateneo de Madrid Ficheros 17/01/2008     C-15384 1058588 23/02/2023 23/02/2023 Libro impreso